Fiscal Notes

Detalles Bibliográficos
Formato: eBook
Lenguaje:inglés
Publicado: Austin: Texas Comptroller of Public Accounts, 2011 -
Materias:
Acceso en línea:Acceso restringido

MARC

LEADER 00000nam a22000007a 4500
005 20191030223023.0
007 cr|||| ||||
008 191030c20119999us u|w s|||| 0|||b1eng d
035 |a 7309 
040 |a vLex 
090 |c 9982  |d 9982 
245 0 0 |a Fiscal Notes  |h [Recurso electrn̤ico] / 
256 |a Servicio en ln̕ea 
260 |a Austin:  |b Texas Comptroller of Public Accounts,  |c 2011 - 
300 |a 1 recurso electrn̤ico 
310 |a Desconocida 
506 1 |a Disponible solo en los productos indicados  |d vLex Global  |d vLex Global (Academic Edition, excluding Law Schools)  |d vLex Global (Academic Edition, Law Schools) 
650 0 4 |a Banca y finanzas  |z Estados Unidos 
740 0 |a vLex Revistas (Servicio en ln̕ea) 
856 4 0 |u http://vlex.com/source/7309  |z Acceso restringido 
942 |c REV 
999 0 |a Banking and finances